书目信息 |
| 题名: |
MATLAB/Simulink系统仿真超级学习手册
|
|
| 作者: | 石良臣 编著 | |
| 分册: | ||
| 出版信息: | 北京 人民邮电出版社 2019.12 |
|
| 页数: | 457页 | |
| 开本: | 26cm | |
| 丛书名: | ||
| 单 册: | ||
| 中图分类: | TP273 | |
| 科图分类: | ||
| 主题词: | 自动控制系统--zi dong kong zhi xi tong--系统仿真--Matlab软件 | |
| 电子资源: | ||
| ISBN: | 978-7-115-51943-6 | |
| 000 | 01132nam0 2200265 450 | |
| 001 | 202020139020 | |
| 005 | 20200926181339.0 | |
| 010 | @a978-7-115-51943-6@dCNY89.00 | |
| 100 | @a20200916d2019 em y0chiy50 ea | |
| 101 | 0 | @achi |
| 102 | @aCN@b110000 | |
| 105 | @aa a 000yy | |
| 106 | @ar | |
| 200 | 1 | @aMATLAB/Simulink系统仿真超级学习手册@AMATLAB/Simulinkxi tong fang zhen chao ji xue xi shou ce@f石良臣编著 |
| 205 | @a第2版 | |
| 210 | @a北京@c人民邮电出版社@d2019.12 | |
| 215 | @a457页@c图@d26cm | |
| 300 | @a工程软件应用精解 | |
| 320 | @a有书目 | |
| 330 | @a本书以最新版软件为基础, 讲述了Simulink系统仿真的主要内容, 具体包括Simulink基础知识、模块操作、信号操作、创建Simulink模型、Simulink仿真设置、Simulink系统仿真原理、Simulink子系统技术、编写M语言S函数等基础知识, 同时给出了Simulink在模拟与数字控制、神经网络的仿真与分析、信号处理的仿真与分析、模糊逻辑控制、电力系统模块集与电子线路仿真的综合应用。 | |
| 606 | 0 | @a自动控制系统@Azi dong kong zhi xi tong@x系统仿真@xMatlab软件 |
| 690 | @aTP273@v5 | |
| 701 | 0 | @a石良臣@Ashi liang chen@4编著 |
| 801 | 0 | @aCN@c20191204 |
| 905 | @a河南城建学院图书馆@dTP273@eS531 | |
| MATLAB/Simulink系统仿真超级学习手册/石良臣编著.-第2版.-北京:人民邮电出版社,2019.12 |
| 457页:图;26cm |
| 工程软件应用精解 |
| ISBN 978-7-115-51943-6:CNY89.00 |
| 本书以最新版软件为基础, 讲述了Simulink系统仿真的主要内容, 具体包括Simulink基础知识、模块操作、信号操作、创建Simulink模型、Simulink仿真设置、Simulink系统仿真原理、Simulink子系统技术、编写M语言S函数等基础知识, 同时给出了Simulink在模拟与数字控制、神经网络的仿真与分析、信号处理的仿真与分析、模糊逻辑控制、电力系统模块集与电子线路仿真的综合应用。 |
| ● |
| 相关链接 |
|
|
|
正题名:MATLAB/Simulink系统仿真超级学习手册
索取号:TP273/S531
 
预约/预借
| 序号 | 登录号 | 条形码 | 馆藏地/架位号 | 状态 | 备注 |
| 1 | 1488425 | 214884259 | 自科库301/301自科库 71排1列4层/ [索取号:TP273/S531] | 在馆 | |
| 2 | 1488426 | 214884268 | 自科库301/301自科库 71排1列4层/ [索取号:TP273/S531] | 在馆 |